000 00422nam a2200169Ia 4500
008 230711s9999||||xx |||||||||||||| ||und||
020 _a978-81-265-2413-6
041 _aENG
082 _a5.2762
_bBA-S
100 _aBarron,David
245 4 _aThe World of Scripting Languages
250 _a1st Ed.
260 _c2013
_aNew Delhi
_bWiley India Pvt.Ltd
300 _a492p.
650 _aComputer Engineering
942 _cBK
999 _c6561
_d6561